| 000 | 00610nam a22001937a 4500 | ||
|---|---|---|---|
| 005 | 20240327111043.0 | ||
| 010 | _aENG-139945 | ||
| 020 |
_c600.00 _a9788187661674 |
||
| 035 | _aEN-123477 | ||
| 037 | _bDBAD | ||
| 082 | _a230.1 | ||
| 100 |
_aGhosh, Yajneswar _963965 |
||
| 245 |
_aThe Samkhya Sutras/ _cBy Yajneswar Ghosh |
||
| 260 |
_aKolkata _bIndranil Bhattacharya _c2017 |
||
| 270 |
_a8/17 Purbapally, Sodepur, _bKolkata _e700110 _k9051363678 _k9051703425 _mrnbbhattacharya2@gmail.com |
||
| 300 |
_a162p. _c22cm.(hb) _bIndex |
||
| 500 | _aIncludes Index | ||
| 942 |
_2ddc _cEN _h230.1 _mGHO |
||
| 999 |
_c201793 _d201793 |
||